000 00607nam a2200265Ia 4500
005 20260306164108.0
008 008 260114s9999 xx 000 0 eng d
020 _a9780823281527
037 _aEBOOK
040 _aCRL
040 _beng
040 _cCRL
041 _2eng
041 _aeng
084 _qCRL
100 _aLezra
_91129985
245 0 _aOn The Nature Of Marx's Things
260 _bFordham University Press
260 _c2018
650 _aPhilosophy
856 _uhttps://academic.oup.com/book/15397
942 _cEBOOK
999 _c1712731
_d1712731